| 000 | 00780nam a22002417a 4500 | ||
|---|---|---|---|
| 999 |
_c19374 _d19374 |
||
| 003 | AR-CdUCM | ||
| 008 | 190517b ||||| |||| 00| 0 spa d | ||
| 040 |
_aMUNICIPALIDAD PROVINCIAL DEL CUSCO _cBIBLIOTECA MUNICIPAL DEL CUSCO |
||
| 041 | _heng | ||
| 082 |
_a828.915 / _bW44 |
||
| 100 |
_aWells, H. G. _918489 |
||
| 245 |
_aEl mundo se liberta : _buna historia de la humanidad / |
||
| 260 |
_aSantiago de Chile : _bNuevo Mundo, _c1937. |
||
| 300 |
_a186 páginas ; _c20 cm. |
||
| 440 |
_aColección Mundo Nuevo. _n16 _940683 |
||
| 505 | _aContenido: Novelas históricas. | ||
| 650 |
_aLiteratura Inglesa _926086 |
||
| 650 |
_aNovela Inglesa _9365 |
||
| 650 |
_aSiglo XX _98 |
||
| 700 |
_aGuixe, Juan (traducción) _940684 |
||
| 942 |
_2ddc _cLIBROS |
||
| 945 |
_aachl _d2019-05-17 |
||